<?xml version="1.0" encoding="UTF-8"?>
<record
    xmlns:xsi="http://www.w3.org/2001/XMLSchema-instance"
    xsi:schemaLocation="http://www.loc.gov/MARC21/slim http://www.loc.gov/standards/marcxml/schema/MARC21slim.xsd"
    xmlns="http://www.loc.gov/MARC21/slim">

  <leader>01507nam a2200241Ia 4500</leader>
  <controlfield tag="001">dia_7801</controlfield>
  <controlfield tag="003">CHAP</controlfield>
  <controlfield tag="008">220117s1968    xx            000 0 und d</controlfield>
  <datafield tag="010" ind1=" " ind2=" ">
    <subfield code="a">179276</subfield>
  </datafield>
  <datafield tag="040" ind1=" " ind2=" ">
    <subfield code="c">CHAP</subfield>
  </datafield>
  <datafield tag="090" ind1=" " ind2=" ">
    <subfield code="a">F 992 1968</subfield>
  </datafield>
  <datafield tag="110" ind1=" " ind2=" ">
    <subfield code="a">Asociaci&#xF3;n Latinoamericana de Industriales de Conservas Alimenticias</subfield>
    <subfield code="9">163322</subfield>
  </datafield>
  <datafield tag="245" ind1=" " ind2=" ">
    <subfield code="a">Agenda provisional de la Segunda Reuni&#xF3;n Sectrorial de la Industria de Productos C&#xED;tricos</subfield>
  </datafield>
  <datafield tag="260" ind1=" " ind2=" ">
    <subfield code="a">M&#xE9;xico  :</subfield>
    <subfield code="b"> ALICA,</subfield>
    <subfield code="c">1968</subfield>
  </datafield>
  <datafield tag="300" ind1=" " ind2=" ">
    <subfield code="a">ca. 35 h.</subfield>
  </datafield>
  <datafield tag="505" ind1=" " ind2=" ">
    <subfield code="a">Agenda del plenario de indistriales \ 2. Posibilidades de realizar estudios de mercado para productos alimenticios conservados en los pas&#xED;ses de la ALALC \ 3. Posibilidades de vinculaci&#xF3;n entre la ALALC y la Comisi&#xF3;n del CODEX Alimentarius de las Naciones Unidas \ 4. Lista de productos a tratar en la segunda reuni&#xF3;n sectorial de fabricantes de productos c&#xED;tricos \ 5. Importaciones correspondientes al sector de industriales de productos c&#xED;tricos, realizada durante los a&#xF1;os 1962, 1963, 1964, 1965 y 1966 \ 6. Derechos aduaneros y grav&#xE1;menes de efectos equivalentes y restricciones aplicables a la importaci&#xF3;n de los productos detallados en el documento ALICA-SI.PCI-II-di 2 \ 7. Jugos de frutas c&#xED;tricas. Comercio exterior global \ 8. Informe a la segunda Reuni&#xF3;n Sectorial de la Industria de Productos C&#xED;tricos</subfield>
  </datafield>
  <datafield tag="901" ind1=" " ind2=" ">
    <subfield code="a">F 992 1968</subfield>
  </datafield>
  <datafield tag="902" ind1=" " ind2=" ">
    <subfield code="a">A</subfield>
  </datafield>
  <datafield tag="905" ind1=" " ind2=" ">
    <subfield code="a">5232271968                          mx n   8225222322spa16</subfield>
  </datafield>
  <datafield tag="942" ind1=" " ind2=" ">
    <subfield code="c">12</subfield>
  </datafield>
  <datafield tag="942" ind1=" " ind2=" ">
    <subfield code="c">12</subfield>
  </datafield>
  <datafield tag="999" ind1=" " ind2=" ">
    <subfield code="c">179276</subfield>
    <subfield code="d">179276</subfield>
  </datafield>
  <datafield tag="952" ind1=" " ind2=" ">
    <subfield code="0">0</subfield>
    <subfield code="1">0</subfield>
    <subfield code="2">local</subfield>
    <subfield code="4">0</subfield>
    <subfield code="5">1</subfield>
    <subfield code="7">0</subfield>
    <subfield code="8">FOLL</subfield>
    <subfield code="a">IA_</subfield>
    <subfield code="b">IA_</subfield>
    <subfield code="c">1</subfield>
    <subfield code="d">2022-01-18</subfield>
    <subfield code="f">12</subfield>
    <subfield code="l">0</subfield>
    <subfield code="p">dia_014182</subfield>
    <subfield code="r">2022-01-18 00:00:00</subfield>
    <subfield code="t">1</subfield>
    <subfield code="w">2022-01-18</subfield>
    <subfield code="y">FOLL</subfield>
  </datafield>
</record>
